000 00587nam a2200169Ia 4500
008 090711s9999 xx 000 0 und d
082 _b433
100 _aभडकवाड बाळासाहेब
245 _aसैनिकी स्पर्श
260 _bमायबोली प्रकाशन
_c1995
300 _a80
600 _aभडकवाड बाळासाहेब
630 _aसैनिकी स्पर्श
700 _aभडकवाड बाळासाहेब
730 _aसैनिकी स्पर्श
942 _cBOOK
999 _c335361
_d335361